Psychographic profiles of selected groups of new and used home buying families /

Bibliographic Details
Main Author: Bearchell, Charles A.
Format: Government Document Book
Language:English
Published: Northridge, Calif. : Bureau of Business Services and Research, School of Business Administration and Economics, California State University, Northridge, 1973.
Subjects:

MARC

Tag First Indicator Second Indicator Subfields
LEADER 00000cam a2200000Mi 4500
001 in00000008684
005 20230906151715.0
008 860318s1973 cau b 000 0 eng d
019 |a 8321044 
035 |a (OCoLC)ocm21787054  
035 |a (OCoLC)21787054  |z (OCoLC)8321044 
035 |a (OCoLC)ocm21787054  
040 |a CUY  |b eng  |c CUY  |d OCLCQ  |d OCLCF  |d CSB  |d OCLCQ  |d OCLCO  |d UCIDS  |d OCLCO 
043 |a n-us-ca 
050 4 |a HD7287.8  |b .B4 
086 0 |a I800.N6h 
100 1 |a Bearchell, Charles A. 
245 1 0 |a Psychographic profiles of selected groups of new and used home buying families /  |c by Charles A. Bearchell, Jr. 
260 |a Northridge, Calif. :  |b Bureau of Business Services and Research, School of Business Administration and Economics, California State University, Northridge,  |c 1973. 
300 |a iv, 41 pages ;  |c 28 cm 
336 |a text  |b txt  |2 rdacontent 
337 |a unmediated  |b n  |2 rdamedia 
338 |a volume  |b nc  |2 rdacarrier 
500 |a "A re-analysis of data collected during a real estate research project conducted in the Los Angeles suburban San Fernando Valley area of Northridge in the year 1969." 
504 |a Includes bibliographical references (page 21). 
650 0 |a House buying. 
650 0 |a Home ownership. 
650 0 |a Consumers  |x Attitudes. 
650 6 |a Habitations  |x Achat. 
650 6 |a Consommateurs  |x Attitudes. 
650 7 |a Consumers  |x Attitudes.  |2 fast  |0 (OCoLC)fst00876411 
650 7 |a Home ownership.  |2 fast  |0 (OCoLC)fst00959347 
650 7 |a House buying.  |2 fast  |0 (OCoLC)fst00961897 
948 |h HELD BY TXA - 10 OTHER HOLDINGS 
994 |a Z0  |b TXA 
999 f f |s 15c9b95f-e9d0-35b5-b34f-0e24b32eb4f2  |i d80c0629-dc37-3e26-bff3-cd588ec1b84e  |t 0 
952 f f |p ric  |a Texas A&M University  |b Rellis Campus  |c Joint Library Facility  |s JLF  |d Remote Storage  |t 0  |e HD7287.8 .B425 1973  |h Library of Congress classification  |i unmediated -- volume  |m A14812567154